| LEADER | 00481cam a2200145 7i4500 | ||
|---|---|---|---|
| 001 | 0000031702 | ||
| 005 | 20140919090000.0 | ||
| 090 | 0 | 0 | |a P 664.0092 |b FOO |
| 245 | 0 | 0 | |a Food master 2014 : |b the industry's only database listings suppliers of equipment and services. |
| 260 | 0 | 0 | |a Illinois: |b BNP Publication, |c 2014. |
| 300 | # | # | |a [v.p]. |
| 650 | 0 | 0 | |a Food -- |x Services |
| 650 | 0 | 0 | |a Food -- |x Equipments |
| 650 | 0 | 0 | |a Food -- |x Supplier |
| 999 | |a 0000034503 |b Book |c Products |e Business Information Centre | ||